000 02590nam a22002657a 4500
003 OSt
005 20251013105613.0
008 251013b |||||||| |||| 00| 0 spad
022 _a2409-1553
040 _aCGIP
_bspa
_cCGIP
_eRDA
110 _aInstituto Dominicano de Evaluación e Investigación de la Calidad Educativa (Ideice)
245 _aRevista de Investigación y Evaluación Educativa Vol. 12 Núm. 2 (2025): Revie -
260 _aSanto Domingo
_bIdeice
_c2025
300 _a130 páginas
500 _aVersión digital
505 _aCONTENIDO0700. EVALUACIÓN EDUCATIVA EN TIEMPOS DE CAMBIOEVALUATION IN TIMES OF CHANGEDilcia D. Armesto Núñez1101. USO DE LA GAMIFICACIÓN EN LA REDACCIÓN DE ARTÍCULOS CIENTÍFICOS EN ESTUDIANTES DE INGENIERÍA, MÉRIDA, YUCATÁNGAMIFICATION APPLIED TO SCIENTIFIC ARTICLE WRITING IN ENGINEERING STUDENTS, MERIDA, YUCATANRutilio Nava Martínez • Augusto David Beltrán Poot3502. LA GESTIÓN COMO CATALIZADOR PARA LA INTEGRACIÓN DE TECNOLOGIAS DE LA INFORMACIÓN Y COMUNICACIÓN EN LA ENSEÑANZAEDUCATIONAL MANAGEMENT AS A CATALYST FOR THE INTEGRATION OF INFORMATION AND COMMUNICATION TECHNOLOGIES IN TEACHINGJuan Antonio Marrero-Pérez • Wilmania A. Díaz Pérez • Deivi Marrero Figuereo5903. LA FORMACIÓN DE LOS DOCENTES DE EDUCACIÓN FÍSICA Y SU DESEMPEÑO LABORAL EN LOS CENTROS EDUCATIVOSTHE TRAINING OF PHYSICAL EDUCATION TEACHERS AND THEIR JOB PERFORMANCE IN SCHOOLSÁngel Luis Durán7504. INTERACCIONES ENTRE SUSTANCIAS, VIOLENCIA INTRAFAMILIAR, ROLES DE GÉNERO Y SU IMPACTO EN EL BIENESTAR DE JÓVENES Y ADULTOSINTERACTIONS BETWEEN SUBSTANCE USE, DOMESTIC VIOLENCE, GENDER ROLES, AND THEIR IMPACT ON THE WELL-BEING OF YOUTH AND ADULTSWanda Marina Román-Santana • Judith Marcela Martínez-Alonzo • Lamec Fabian • Doris del Carmen de la Cruz Mena10705. LA PARTICIPACIÓN COMUNITARIA EN LOS CENTROS EDUCATIVOS: DESAFÍOS Y OPORTUNIDADES EN CONTEXTO DIVERSOCOMMUNITY PARTICIPATION IN EDUCATIONAL CENTERS: CHALLENGES AND OPPORTUNITIES IN DIVERSE CONTEXTSJuan José Mariñez Báez • Ruddy Medina-Calderón • Juan Antonio Marrero-Pérez
610 _aInstituto Dominicano de Evaluación e Investigación de la Calidad Educativa (Ideice)
_zRepública Dominicana
650 _aEvaluación Educativa
650 _aUSO DE LA GAMIFICACIÓN
650 _aGESTIÓN COMO CATALIZADOR
650 _aFORMACIÓN DE LOS DOCENTES
710 _aCentro de Gestión de la Información y Publicaciones
856 _uhttps://revie.gob.do/index.php/revie/article/view/240
942 _2ddc
_cREV
_n0
999 _c13464
_d13464